000 00651nam a2200229Ia 4500
003 OSt
005 20220923230828.0
006 a|||||r|||| 00| 0
007 ta
008 220922b |||||||| |||| 00| 0 pan d
024 _a305,920
037 _cTextual
040 _aARTS
_cARTS
_bpan
041 _2pan
_apan
082 _aQ8441x, 153L0
100 _aਦਰFਨ ਸਿੰਘ
245 0 _aਪ੍ਰਤਿਨਿਧ (ਨੌ੍ਵ) ਅਧਿਆਤਮਕ ਵਾਰਾਂ
260 _c1970
650 _aਸਿੱਖ ਧਰਮ
_9156314
942 _hQ8441x, 153L0
_cTEXL
_2CC
999 _c387707
_d387707